000 00712nam a2200229 i 4500
001 72140
003 ES-MaACL
005 20230906171332.0
007 t|
008 040826s1969 sp ||||1| spa d
100 1 _aGilchrist, J. D.
_956926
245 1 0 _aHornos /
_cJ.D. Gilchrist ; versión, Carlos Barba Solana ; revisión, J.M. Storch de Gracia y Asensio.
250 _a[1ª ed.].
260 _aMadrid :
_bAlhambra,
_c[1969]
300 _aVIII, 167 p. :
_bil. ;
_c20 cm.
490 1 _aExedra
700 1 _aBarba Solana, Carlos.
_925367
700 1 _aStorch de Gracia y Asensio, José María.
_9108326
830 0 _aExedra
_9177436
852 _aES-MaACL
_jC-36004
_bR.69016
999 _c72140
_d72140